Normal view
MARC view
- ظهير الدين الروذراورى، ابي شجاع محمد بن الحسين؛ تصحيح ه.ف آمدرور
Entry Personal Name
001 - CONTROL NUMBER
- control field: 59002
003 - CONTROL NUMBER IDENTIFIER
- control field: JO-AjAnu
005 - DATE AND TIME OF LATEST TRANSACTION
- control field: 20230606083643.0
008 - FIXED-LENGTH DATA ELEMENTS
- fixed length control field: 230606|| aca||aabn | a|a d
040 ## - CATALOGING SOURCE
- Original cataloging agency: JO-AjAnu
- Transcribing agency: JO-AjAnu
100 ## - HEADING--PERSONAL NAME
- Personal name: ظهير الدين الروذراورى، ابي شجاع محمد بن الحسين؛ تصحيح ه.ف آمدرور
670 ## - SOURCE DATA FOUND
- Source citation: Work cat.: (JO-AjAnu)30097: ظهير الدين الروذراورى، ابي شجاع محمد بن الحسين؛ تصحيح ه.ف آمدرور, author, ذيل كتاب تجارب الأمم: تاريخ هلال الصابي، ج3